| 000 | 00951nam a22002897a 4500 | ||
|---|---|---|---|
| 001 | 5154 | ||
| 003 | FISKH | ||
| 005 | 20241108080056.0 | ||
| 008 | 241108b cb ||||| |||| 00| 0 eng d | ||
| 020 | _a9780789439963 | ||
| 040 |
_aFISKH _beng _cFISKH _dFISKH |
||
| 050 | _aSF604.H63 | ||
| 082 | _a636.089 | ||
| 100 | _aWalker-Hodge, Judith | ||
| 245 |
_aAnimal hospital / _cWritten by Judith Walker-Hodge |
||
| 250 | _aFirst edition in 1999 | ||
| 260 |
_aNew York : _bDK, _c1999. |
||
| 300 |
_a32 pages : _bColor illustrations ; _c23 cm |
||
| 505 | _aL | ||
| 520 | _aWhen two children find an injured duck and take it to a veterinarian at an animal hospital, they learn about the work of the hospital and of the doctor as she cares for the duck and other animals. | ||
| 521 | 8 |
_a510L
_bLexile |
|
| 521 | 8 |
_aL
_bRaz-PLus |
|
| 650 |
_2Non-fiction _aAnimals |
||
| 650 |
_2Community helpers _aVet |
||
| 942 |
_2ddc _cBK _n0 |
||
| 999 |
_c5154 _d5154 |
||